Countries Closest to Egypt - One Minute Sprint - Statistics

General Stats
  • This quiz has been taken 68 times
  • The average score is 14 of 20
Answer Stats
km country miles % Correct
0 Israel 0
96%
7 Jordan 4
96%
0 Libya 0
94%
15 Saudi Arabia 9
94%
0 Sudan 0
94%
214 Lebanon 133
85%
352 Cyprus 219
81%
504 Turkey 314
81%
364 Greece 226
79%
202 Syria 126
75%
478 Eritrea 297
68%
835 Yemen 519
68%
293 Chad 182
64%
469 Iraq 291
60%
0 Palestine 0
55%
799 Ethiopia 496
53%
993 Albania 617
38%
1065 Bulgaria 662
32%
1072 Macedonia 666
32%
952 Niger 591
26%
No matching quizzes found
Score Distribution
Percent of People with Each Score
Percentile by Number Answered
Your Score History
You have not taken this quiz